Homenaje a los héroes de la gran guerra

Salvato in:
Dettagli Bibliografici
Autore principale: Captain (Autore)
Natura: Libro
Lingua:spagnolo
Pubblicazione: Valparaíso South Pacífic Mail 1918
Soggetti:
Tags: Aggiungi Tag
Nessun Tag, puoi essere il primo ad aggiungerne!!

MARC

LEADER 00000nam a2200000 a 4500
001 UCP8322
003 CL-VaPUC
008 000114e19180000CL |||||||||||||||||spa|d
082 0 4 |a 923.5  |b CAP  |2 21 
100 0 |a Captain  |e author  |9 438217 
245 1 0 |a Homenaje a los héroes de la gran guerra 
300 |a 122 p 
942 |c BK 
945 |d 20000114 00:00:00  |a rherrera 
260 |a Valparaíso  |b South Pacífic Mail  |c 1918 
650 0 |a Biografías  |9 255210 
650 0 |a Militares   |9 336881 
650 0 |a Primera Guerra Mundial   |9 373283 
583 |a last modification  |c 20000114 00:00:00  |k Rodrigo Vera 
999 |c 285254  |d 285252 
952 |0 0  |1 0  |4 0  |6 923_500000000000000_CAP_1918  |7 0  |8 X  |9 329715  |a BIBHIS  |b BIBHIS  |d 2019-11-20  |i 1375539  |o 923.5 CAP 1918  |p 1375539  |r 2024-01-30  |w 2019-11-20  |y BK_X  |k HIS